Koeficient beta ako indikátor rizika

Základné rozdiely medzi pojmami neistota a riziko. Kvantifikácia miery rizika pomocou koeficientu beta pri výbere konkrétneho cenného papiera. Stanovenie rizikovosti CP vzhľadom na priemyselné odvetvie. Beta vybraných priemyselných odvetví.

Saved in:
Bibliographic Details
Main Author: Šustek, Milan
Format: Book Chapter
Language:Slovak
Subjects:
Tags: Add Tag
No Tags, Be the first to tag this record!

MARC

LEADER 00000nla$a2200000$$$4500
001 0143083
005 20221103134203.4
041 0 |a slo 
044 |a SK 
245 1 0 |a Koeficient beta ako indikátor rizika  |c Milan Šustek 
520 |a Základné rozdiely medzi pojmami neistota a riziko. Kvantifikácia miery rizika pomocou koeficientu beta pri výbere konkrétneho cenného papiera. Stanovenie rizikovosti CP vzhľadom na priemyselné odvetvie. Beta vybraných priemyselných odvetví. 
610 2 0 |a nástroje investičné 
610 2 0 |a investovanie 
610 2 0 |a emitenti 
610 2 0 |a papiere cenné 
610 2 0 |a riziko finančné 
610 2 0 |a indexy burzové 
610 2 0 |a koeficient beta 
100 1 |a Šustek, Milan